National fruit of countries on a map - Statistics

General Stats
  • This quiz has been taken 231 times
  • The average score is 111 of 196
Answers on the Map
Answers color-coded by a green-red scale on the quiz's map according to % correct below.
 
Answer Stats
Hint Answer % Correct
Argentina | Austria | Belarus | +19 others Apple
98%
Hungary | Monaco | Morocco | Nepal Orange
90%
Burundi | Cambodia | Central African Republic | +16 others Banana
87%
Kosovo | Moldova | Spain | +2 others Grapes
82%
Andorra | Belize | Burkina Faso | +15 others Mango
80%
Canada | Estonia | Finland | +3 others Blueberry
78%
France Pear
77%
Denmark | Sweden Strawberry
76%
Antigua and Barbuda | Comoros | Panama | Taiwan Pineapple
75%
New Zealand Kiwifruit
72%
Eritrea Lemon
70%
Bhutan | Georgia | Lesotho Peach
70%
Turkmenistan Watermelon
70%
China Kiwifruit
69%
Angola | Cape Verde | Fiji | +8 others Coconut
62%
Seychelles Coco de mer
60%
Albania | Slovenia | Ukraine Cherry
58%
Algeria | Bahrain | Iraq | +9 others Dates
55%
Chad Desert date
55%
Afghanistan | Azerbaijan | Iran | +3 others Pomegranate
51%
Armenia | Tajikistan Apricot
50%
Mexico Avocado
50%
Bosnia and Herzegovina | Romania | Serbia Plum
50%
Vietnam Dragon fruit
46%
Brunei | Indonesia | Malaysia | +2 others Durian
42%
El salvador | Guinea | Guinea-Bissau | +2 others Papaya
38%
Dominica | Dominican Republic Carambola
37%
Greece | Israel | Italy | +3 others Olive
36%
Bangladesh | Democratic Republic of the Congo | Solomon Islands | +2 others Jackfruit
32%
Japan | North Korea Persimmon
26%
Malta Cactus fruit
16%
Bahamas | Barbados | Benin | +4 others Ackee
14%
Latvia | Lithuania Blackcurrant
14%
Grenada | Kiribati | Saint Kitts and Nevis | +2 others Breadfruit
14%
Gambia | Liberia | Niger | Republic of the Congo African Velvet Tamarind
13%
Costa Rica | Ecuador Guanabana
13%
Thailand | Venezuela Mangosteen
13%
Chile Cherimoya
9%
Norway Cloudberry
7%
Brazil Cupuaçu
7%
Peru Lucuma
7%
Cuba Mamey
6%
Australia Riberry
6%
Colombia Borojó
5%
Zambia | Zimbabwe Mahobohobo
5%
Botswana | Eswatini | Mozambique | Namibia Marula
5%
Madagascar Baobab
4%
Cameroon Safou
4%
Bolivia Achachairu
3%
Micronesia Betel nut
3%
Papua New Guinea Marata
3%
Mongolia Sea buckthorns
2%
No matching quizzes found
Score Distribution
Percent of People with Each Score
Percentile by Number Answered
Your Score History
You have not taken this quiz